Normal view
MARC view
- الصحة العامة
Entry Topical Term
001 - CONTROL NUMBER
- control field: 42064
003 - CONTROL NUMBER IDENTIFIER
- control field: JO-AjAnu
005 - DATE AND TIME OF LATEST TRANSACTION
- control field: 20230606081000.0
008 - FIXED-LENGTH DATA ELEMENTS
- fixed length control field: 230606|| aca||aabn | a|a d
040 ## - CATALOGING SOURCE
- Original cataloging agency: JO-AjAnu
- Transcribing agency: JO-AjAnu
150 ## - HEADING--TOPICAL TERM
- Topical term or geographic name entry element: الصحة العامة
670 ## - SOURCE DATA FOUND
- Source citation: Work cat.: (JO-AjAnu)21551: القمش، مصطفى/ م مشارك خليل المعايطة، سحر مخامرة , author 42063, مبادئ الصحة العامة